| 000 | 00608nam a22001937a 4500 | ||
|---|---|---|---|
| 003 | OSt | ||
| 005 | 20251125115934.0 | ||
| 008 | 251125b |||||||| |||| 00| 0 eng d | ||
| 040 |
_aDWC-Main Lib. _cOC |
||
| 082 | _aSC. 959.91 B212a 2010 | ||
| 100 | _aBanzuela, Raffi | ||
| 245 |
_aAlbay viejo/ _cRaffi Banzuela |
||
| 260 |
_aDaraga, Albay (Phils.) : _bFastgraphics Ent., _cc2010. |
||
| 300 |
_axvii, 254 p. : _bill. ; _c22 cm. |
||
| 500 | _aIncludes bibliographical references. | ||
| 650 | _a1. Bicol (Albay)--History. | ||
| 650 | _a2. Bikols (Philippine people)--History. | ||
| 942 |
_2ddc _cSC _kSC. _n0 |
||
| 999 |
_c6259 _d6259 |
||